| 000 | 00599nam a22001937a 4500 | ||
|---|---|---|---|
| 999 |
_c181602 _d181602 |
||
| 005 | 20210927100657.0 | ||
| 010 | _aENG-129970 | ||
| 020 |
_c395.00 _a9789353887506 |
||
| 035 | _aEN-113502 | ||
| 037 | _bDBAD/PUB | ||
| 082 | _a152.4 | ||
| 100 | _aPurushothaman, Rajgopalan | ||
| 245 |
_aEmotional intelligence: _bReachig Escape Velocity in the Digital Era/ _cby Rajagopalan Purushothaman |
||
| 250 | _a2021 | ||
| 260 |
_bSage _c2021 |
||
| 270 |
_bNew Delhi _aBI/1-1 Mohan Cooperative Industrial Area _e110044 |
||
| 300 |
_axvi,196p _c21cm (pbk) |
||
| 942 |
_2ddc _cEN _mPUR _h152.4 |
||